01244nam a2200325 a 45000010008000000030008000080050017000160080041000330100017000740200015000910350022001060350033001280400033001610420014001940430012002080500025002200820016002452450138002612600054003993000035004534400043004885000122005315040041006536510044006946510048007386510041007867000031008277000025008587100035008834986252BD-DhUL20160529144809.0980406s1997 ja a b 100 0 eng d a 98135562  a425854017X a(CU)GLAD117872506 a(CStRLIN)CUBGGLAD117872506-B aDIDBcDIDBdCUdDLCdBD-DhUL alccopycat aae-----00aHC460.5b.E2737 1997 a338.95bEAS00aEast Asian development experience :beconomic system approach and its applicability /cedited by Toru Yanagihara, Susumu Sambommatsu. aTokyo :bInstitue of Developing Economies,c1997. axvii, 609 p. :bill. ;c24 cm. 0aI.D.E. symposium proceedings ;vno. 17 a"Papers and proceedings of the symposium held by the Institute of Developing Economies on January 22, 1997 in Tokyo." aIncludes bibliographical references. 0aEast AsiaxEconomic policyxCongresses. 0aLatin AmericaxEconomic policyxCongresses. 0aAfricaxEconomic policyxCongresses.1 aYanagihara, Tōru,d1948-1 aSambommatsu, Susumu.2 aAjia Keizai Kenkyūjo (Japan)